|
|
|
|
| LEADER |
01513nam a22003617a 4500 |
| 001 |
mzk03001021950 |
| 003 |
CZ BrMZK |
| 005 |
20111114110632.0 |
| 007 |
ta |
| 008 |
050421s1777 xo f fr|||||00| ||latod |
| 040 |
|
|
|a BOA001
|b cze
|c BOA001
|
| 041 |
0 |
|
|a lat
|a cze
|
| 072 |
|
7 |
|a 094
|x Staré tisky
|2 Konspekt
|9 12
|
| 080 |
|
|
|a (0.068)094
|2 MRF
|
| 100 |
1 |
|
|a Cellarius, Christoph,
|d 1638-1707
|7 xx0079484
|4 aut
|
| 245 |
1 |
0 |
|a Latinitatis probatae et exercitae, Liber memorialis, naturali ordine dispositus, ... In usum scholarum Patriae, plurimus vocibus latinis, atque interpretatione Hungarica et Bohemica locupletatus, a Matthia Bello
|
| 250 |
|
|
|a Editio tertia auctior et emendatior. Accedunt Indices, Germanicus, Hungaricus et Bohemicus
|
| 260 |
|
|
|a Posonii :
|b Ioannes Michael Landerer,
|c 1777
|
| 300 |
|
|
|a [15] s., 852 sl., 370 s. ;
|c 8°
|
| 500 |
|
|
|a Výzdoba: Mědirytinový frontispis, vlys, vinětky
|
| 546 |
|
|
|a V latinském textu české pasáže
|
| 561 |
|
|
|a Provenience: Ex lib. Franc. Foerchtgott
|
| 510 |
4 |
|
|a Knihopis,
|c K01517
|u https://aleph.nkp.cz/F/?func=direct&doc_number=000003965&local_base=KPS
|
| 655 |
|
7 |
|a staré tisky
|7 fd422076
|2 czenas
|
| 903 |
|
|
|a RP
|
| 910 |
|
|
|a BOA001
|b G-0001.062
|
| 978 |
|
|
|b Landerer z Füskutu, Ján Michal
|a Bratislava
|c 1777
|
| 984 |
|
|
|a Bratislava
|b Slovensko
|
| 985 |
|
|
|a 1751-1800
|
| 990 |
|
|
|a BK
|
| 993 |
|
|
|a Y
|
| 991 |
|
|
|k mzk
|
| 996 |
6 |
|
|b 2610421465
|c G-0001.062
|l stud. ST
|r Sklad / do násl. otevíracího dne
|n 0
|w 001021950
|u 000010
|a 1
|e BOA001
|s P
|